000 00724nam a2200217 4500
003 OSt
005 20240718015815.0
006 a
008 240718b |||||||| |||| 00| 0 eng d
020 _a9781593398878
040 _aDWCL-Main lib.
_cOC
082 _2Fifteenth edition
_aGR. 031 N532 2010
110 _aEncyclopedia Britannica Inc.
245 _aThe new encyclopedia britannica in 32 volumes /
250 _aFifteenth edition
260 _aChicago:
_bEncyclopedia Britannica,
_cc2010.
300 _b32 v. : ill. (some col.), maps (some col.),
_c29 cm.
504 _aIncludes bibliographical references and index.
650 _a1. Encyclopedias and dictionaries.
942 _2ddc
_n0
_cGR
_eFifteenth edition
_kGR.
999 _c2344
_d2344